The medieval city state.

Bibliographic Details
Main Author: Clarke, M. V. (Maude Violet), 1892-1935
Format: Book
Language:English
Published: Cambridge [England] : New York : Speculum Historiale; Barnes & Noble, [1966]
Subjects:

MARC

Tag First Indicator Second Indicator Subfields
LEADER 00000cam a2200000 4500
001 in00000039080
005 20151007081505.0
008 721128s1966 eng u
010 |a  66008537  
035 |a (OCoLC)00502427 
035 |9 AAF6464AM 
040 |c WSU  |d TXA  |d UtOrBLW 
049 |a TXAM  |c [468343] 
090 |a JS61  |b .C5 1966 
092 |a 321  |b C599m, 1966 
100 1 |a Clarke, M. V.  |q (Maude Violet),  |d 1892-1935. 
245 1 4 |a The medieval city state. 
264 1 |a Cambridge [England] :  |b Speculum Historiale;  |a New York :  |b Barnes & Noble,  |c [1966] 
300 |a 220 pages 
336 |a text  |b txt  |2 rdacontent 
337 |a unmediated  |b n  |2 rdamedia 
338 |a volume  |b nc  |2 rdacarrier 
504 |a Bibliography: pages 209-212. 
650 0 |a Cities and towns, Medieval. 
650 0 |a Federal government. 
999 |a MARS 
999 f f |s 6b324300-f5e9-3bfe-9759-678110913fab  |i 16a06622-0559-342c-8c15-dc09b641da57  |t 0 
952 f f |p ric  |a Texas A&M University  |b Rellis Campus  |c Joint Library Facility  |d Remote Storage  |t 0  |e JS61 .C5 1966  |h Library of Congress classification  |i unmediated -- volume  |m A14800661340 
998 f f |a JS61 .C5 1966  |t 0  |l Remote Storage